000 03091cam a2200253 4500500
005 20260111135824.0
041 _afre
042 _adc
100 1 0 _aGrard, Julien
_eauthor
245 0 0 _aApproche(s) narrative(s) et récit à la première personne. Généalogie et politiques de l’enquête
260 _c2018.
500 _a49
520 _aLe courant des narrative studies est le fruit de translations et de transformations au sein des « humanités » – des études littéraires et de la narratologie aux sciences de l’éducation en passant par les sciences humaines et sociales. C’est également le fruit d’une histoire longue de près de quarante ans. Celle-ci a débouché sur plusieurs « tournants narratifs ». S’affranchissant de sa matrice littéraire, « l’approche narrative » a voyagé de champ disciplinaire en champ disciplinaire, devenant presque une discipline à part entière, au croisement de plusieurs autres.Chemin faisant, elle a bénéficié de nombreux apports, et permis la naissance de concepts au potentiel heuristique très fort. Simultanément, certains concepts ont parfois été galvaudés. Surtout, le fait de placer de façon croissante le récit à la première personne au cœur de l’approche peut se révéler problématique. Fétichisés, sanctuarisés, ils sont désormais au cœur d’enjeux politiques majeurs. Dans ce nouveau contexte, on verra comment le fait d’être en capacité de produire un discours à la première personne ou non peut constituer un obstacle ou, inversement, un facteur facilitant la recherche.
520 _aThe Narrative Studies current is the result of translations and transformations within “the humanities” over a period of forty years. Covering the human and social sciences, it includes literary studies, narratology and educational sciences. The history of this current of thinking has brought several “narrative turns” passing from one disciplinary field to another and becoming almost a discipline in itself at the crossroads of several others. On this pathway, narrative studies have been enriched by many contributions and given birth to concepts with a strong heuristic potential. At the same time, some concepts have sometimes become hackneyed. Above all, placing the first person at the heart of this approach has sometimes raised problems. As they have become fetichised and sanctuarised, they have also been transformed into major political issues. We shall demonstrate through a concrete example how the capacity to produce a 1st person account – or not – may open doors for researchers doing fieldwork – or, on the contrary, close the same door if not.
690 _apolitiques de l’enquête
690 _arécit
690 _atournant narratif
690 _anarrative studies
690 _anarrative turn
690 _apolitics of research
690 _astory
786 0 _nVie sociale | 20 | 4 | 2018-03-26 | p. 85-98 | 0042-5605
856 4 1 _uhttps://shs.cairn.info/revue-vie-sociale-2017-4-page-85?lang=fr&redirect-ssocas=7080
999 _c1634898
_d1634898